• 首页
  • 本馆介绍
  • 公告通知
  • 最新文献
  • 馆藏检索
  • 电子资源
  • 读者导购
  • 参考咨询
  • 我的图书馆
  • 登录
  • 详细信息显示
  • 放入我的书架
  • 预约/预借图书
  • 作者相关作品
  • 分类相关作品
  • 丛书相关作品
  • 出版社相关作品

书目信息

  • 表格格式
  • 工作单格式
  • 卡片格式
题名:
经济应用数学基础
    
 
作者: 李伟军 , 胡正波 , 王子龙 主编
分册:  
出版信息: 北京   航空工业出版社  2012
页数: 262页
开本: 26cm
丛书名:
单 册:
中图分类: F224.0 , O172
科图分类:
主题词: 经济数学--jing ji shu xue--高等学校--教材 , 微分子--wei fen zi--高等学校--教材
电子资源:
ISBN: 978-7-80243-965-8
000 01068nam0 2200313 45
001 012001001772
005 20131109084106.0
010    @a978-7-80243-965-8@dCNY45.00
099    @aCAL 012012238822
100    @a20120704d2012 ekmy0chiy50 ea
101 0  @achi
102    @aCN@b110000
105    @aak z 000yy
106    @ar
200 1  @a经济应用数学基础@Ajing ji ying yong shu xue ji chu@e微积分@f主编李伟军, 胡正波, 王子龙
210    @a北京@c航空工业出版社@d2012
215    @a262页@c图@d26cm
300    @a普通高等教育“十二五”规划教材
330    @a本书介绍了函数,极限与连续v,导数与微分、导数的应用,不定积分,定积分及其应用,常微分方程,多元函数微积分,无穷级数等。
517 1  @a微积分@Awei ji fen
606 0  @a经济数学@Ajing ji shu xue@x高等学校@j教材
606 0  @a微分子@Awei fen zi@x高等学校@j教材
690    @aF224.0@v4
690    @aO172@v4
701  0 @a李伟军@Ali wei jun@4主编
701  0 @a胡正波@Ahu zheng bo@4主编
701  0 @a王子龙@Awang zi long@4主编
801  0 @aCN@b北京卓展@c20191020
905    @b1198957-60@dF224.0@e595@f4
    
    经济应用数学基础:微积分/主编李伟军, 胡正波, 王子龙.-北京:航空工业出版社,2012
    262页:图;26cm
    普通高等教育“十二五”规划教材
    
    ISBN 978-7-80243-965-8:CNY45.00
    本书介绍了函数,极限与连续v,导数与微分、导数的应用,不定积分,定积分及其应用,常微分方程,多元函数微积分,无穷级数等。
●
相关链接 在E读中查询图书 在五车中查询图书 在当当中查询图书 在豆瓣中查询图书


正题名:经济应用数学基础     索取号:F224.0/595         预约/预借

序号 登录号 条形码 馆藏地/架位号 状态 备注
1 1198957   211989570   第一样本阅览室/ [索取号:F224.0/595] 在馆    
2 1198958   211989589   第一借阅区/ [索取号:F224.0/595] 在馆    
3 1198959   211989598   第一借阅区/ [索取号:F224.0/595] 在馆    
4 1198960   211989605   第一借阅区/ [索取号:F224.0/595] 在馆    
唐山师范学院图书馆 欢迎您!
大连网信软件有限公司© 版权所有